00413 2200157 4500245007100000020002200071250001100093100001800104650002200122005001900144260004400163041001400207084001000221300001500231336000900246 aThe Secret Power of Mind and Body UnificationcRicky SusionohText a978-602-17153-0-7 aCet. 1 aRicky Susiono aKesegaran Jasmani a20230113081508 aJakartabGaruda Indonesia Perkasac2012 aIndonesia a613.7 a192 hlm. : atext